| 000 | 00378nam a2200157Ia 4500 | ||
|---|---|---|---|
| 008 | 210716s1987 xx 000 0 und d | ||
| 020 | _a803919891 | ||
| 041 | _aeng | ||
| 082 | _a150.15195 OSTS | ||
| 100 | _aOsterlind, Steven J. | ||
| 245 | _aTest item bias. | ||
| 250 | _a1 | ||
| 260 |
_aNew Delhi _bSage Publications _c1987 |
||
| 300 | _a84 | ||
| 650 | _aGeneral Knowledge | ||
| 999 |
_c181129 _d181129 |
||